000 nam a22 a 4500
999 _c453823
_d453823
003 BLK
005 20220420133417.0
008 220420b bu |||||r|||| 00| | bu d
040 _aBLK
041 _aBUL
_cBUL
080 _aПроизводителност на труда
_b331.101.6
_z331.101.6
139 _aПроизводителността на труда и развитото социалистическо общество
245 _aПроизводителността на труда и развитото социалистическо общество
_bМоногр.
_cА. Г. Грязнова и др. ; статиите от съв. авт. прев. Магдалена Атанасова
260 _9211414
_aСофия
_bПартиздат
_c1982
300 _a319 с.
_bс табл.
_c20 см
380 _a3
500 _aДруги авт.: И. С. Илиев, И. Д. Костов, Г. Я. Маряхин, М. В. Михайлова, М. Г. Назаров, отбелязани на с. 8 Кн. е съвместен труд на бълг. и съв. авт
650 7 _9167981
_aПроизводителност на труда - социалистически страни
653 7 _9196993
_aсоциалистическо общество
653 7 _9194666
_aпроизводителност на труда
700 _9368678
_aАтанасова, Магдалена
_eпрев. от рус.
852 _aЦб 117011
_bЦб
942 _cKNG
_n0
_s1
944 _aCR
_c2022-04-20
_kХристина Везирева